000 00474nam a22001817a 4500
003 koha_MIRAKIL
005 20231213100340.0
008 231213b |||||||| |||| 00| 0 ||| d
020 _b978-9-75050532-4
040 _aTR-IsEVY
_btur
_cTR-IsEVY
082 _a530 SMI/M
100 _aSmith, Alastair.
245 0 _aMalzemeler
_bmaddelerin yapısı
260 _bİletişim Yayınları,
_c2010
300 _a64 s.
650 _aMaddeler -- Malzemeler.
942 _2ddc
_cBK
999 _c18533
_d18533